Seguridad hotelera (Registro nro. 9300)
[ vista simple ]
| 000 -CABECERA | |
|---|---|
| campo de control de longitud fija | 00706nam a22002657a 4500 |
| 005 - FECHA Y HORA DE ACTUALIZACIÓN | |
| campo de control | 20231115061154.0 |
| 008 - LONGITUD FIJA | |
| campo de control de longitud fija | 170418b xxu||||| |||| 00| 0 spa d |
| 020 ## - INTERNATIONAL STANDARD BOOK NUMBER | |
| Número Internacional Estándar del Libro | 9789871521470 |
| 041 ## - IDIOMA | |
| Código de idioma del texto/pista de sonido o título separado | |
| 082 ## - CLASIFICACIÓN DECIMAL DEWEY | |
| Número de clasificación | 1.2.61 S511s |
| 100 ## - AUTOR PERSONAL | |
| Nombre de persona | Sevilla Royo, Tomas |
| 245 ## - TÍTULO PROPIAMENTE DICHO | |
| Título | Seguridad hotelera |
| 260 ## - PIE DE IMPRENTA | |
| Lugar de publicación, distribución, etc. | Argentina |
| 260 ## - PIE DE IMPRENTA | |
| Nombre del editor, distribuidor, etc. | Seguridad y Defensa |
| 260 ## - PIE DE IMPRENTA | |
| Fecha de publicación, distribución, etc. | 2012 |
| 300 ## - DESCRIPCIÓN FÍSICA | |
| Extensión | 150 páginas |
| 650 ## - Materia General | |
| Materia general | SEGURIDAD HOTELERA |
| 650 ## - Materia General | |
| Materia general | TURISMO |
| 650 ## - Materia General | |
| Materia general | HOTELERÍA |
| 650 ## - Materia General | |
| Materia general | SEGURIDAD PERIMETRAL |
| 650 ## - Materia General | |
| Materia general | SEGURIDAD CONTROL DE INCENDIOS |
| 650 ## - Materia General | |
| Materia general | SITUACIONES ESPECIALES |
| 650 #0 - Materia General | |
| Materia general | FUNCIONES |
| 942 ## - Punto de Acceso Adicional Koha | |
| Tipo de ítem Koha | Libro |
| Estado perdido | Estado dañado | No para préstamo | Biblioteca permanente | Biblioteca actual | Signatura completa | Código de barras | Precio efectivo a partir del | Tipo de ítem |
|---|---|---|---|---|---|---|---|---|
| Departamento de Biblioteca y Documentación Alfonso Chase Brenes | Departamento de Biblioteca y Documentación Alfonso Chase Brenes | 1.2.61 S511s | 21981 | 18/04/2017 | Libro |